Objective Questions in Library and informationScience: (Record no. 63191)

MARC details
000 -LEADER
fixed length control field 00707nam a22001577a 4500
005 - DATE AND TIME OF LATEST TRANSACTION
control field 2012021600430.0
020 ## - INTERNATIONAL STANDARD BOOK NUMBER
International Standard Book Number 8170002443
Terms of availability 450.00
035 ## - SYSTEM CONTROL NUMBER
System control number B-19444
037 ## - SOURCE OF ACQUISITION
Stock number DPL
Source of stock number/acquisition ENG
100 ## - MAIN ENTRY--PERSONAL NAME
Personal name Tripathi,S.M.
245 ## - TITLE STATEMENT
Title Objective Questions in Library and informationScience:
Statement of responsibility, etc by P.S. Sooryanarayana
Remainder of title for NET-UGC,SET and other Tests/
260 ## - PUBLICATION, DISTRIBUTION, ETC. (IMPRINT)
Place of publication, distribution, etc New Delhi
Name of publisher, distributor, etc Ess Ess Publication
Date of publication, distribution, etc 1998
300 ## - PHYSICAL DESCRIPTION
Extent 231p.
Dimensions 22 cms.
942 ## - ADDED ENTRY ELEMENTS (KOHA)
Source of classification or shelving scheme Dewey Decimal Classification
Item type English Books
Classification part 020.
Call number suffix TRI
Holdings
Withdrawn status Lost status Not for loan Collection code Home library Current library Date acquired Full call number Barcode Koha item type
      Non-fiction Sarojini Nagar Sarojini Nagar 18/02/2012 020. TRI B-19444 English Books

© Delhi Public Library
Hit Counter
free hit counter